000 00290nam a2200133Ia 4500
100 _aBradbeer/Robin
942 _cBK
654 _acomputer
245 _aThe Home computer book
260 _bGerald Duckworth
_aLondon
_c1984
082 _a1.6404
_bBRA
300 _a196
546 _aENGLISH
999 _c31906
_d31906